[Event "Montebelluna op-A 5th"]
[Site "Montebelluna"]
[Date "2007.03.09"]
[Round "1"]
[White "Omeri, Silvan"]
[Black "Marson, Antonio"]
[Result "1-0"]
[WhiteElo "2087"]
[BlackElo "1862"]
[PlyCount "45"]
[EventDate "2007.03.09"]
[EventType "swiss"]
[EventRounds "5"]
[EventCountry "ITA"]
[SourceTitle "EXT 2008"]
[Source "ChessBase"]
[SourceDate "2007.11.25"]
[SourceVersion "1"]
[SourceVersionDate "2007.11.25"]
[SourceQuality "1"]

1. e4 g6 2. d4 d6 3. Be3 a6 4. c4 e6 5. Nc3 Ne7 6. Bd3 Bg7 7. Nge2 Nd7 8. Qd2 h6 9. b4 b6 10. 0-0 Bb7 11. Rab1 Rc8 12. a4 Rb8 13. f4 f5 14. exf5 gxf5 15. Ng3 Nf6 16. d5 Ng4 17. Nh5 Rg8 18. Nxg7+ Rxg7 19. h3 Nxe3 20. Qxe3 Qd7 21. Rbe1 Kf8 22. Qxe6 Qxe6 23. Rxe6 1-0

[Event "Pedavena op-A 2nd"]
[Site "Pedavena"]
[Date "2006.08.04"]
[Round "5"]
[White "Marson, Antonio"]
[Black "Pomaro, Alberto"]
[Result "0-1"]
[WhiteElo "1837"]
[BlackElo "2046"]
[PlyCount "66"]
[EventDate "2006.08.01"]
[EventType "swiss"]
[EventRounds "7"]
[EventCountry "ITA"]
[SourceTitle "EXT 2023"]
[Source "ChessBase"]
[SourceDate "2022.10.05"]
[SourceVersion "1"]
[SourceVersionDate "2022.10.05"]
[SourceQuality "1"]

1. d4 Nf6 2. Bf4 g6 3. e3 Bg7 4. h3 0-0 5. Nf3 d6 6. Be2 c6 7. 0-0 Nbd7 8. c3 Ne8 9. Bh2 Nc7 10. Nbd2 c5 11. Qc2 b6 12. a4 Bb7 13. Rfc1 e5 14. Nc4 Qe7 15. Na3 e4 16. Nd2 Ne8 17. Nb5 a6 18. Na3 d5 19. Qd1 f5 20. Nc2 g5 21. c4 cxd4 22. Nxd4 f4 23. Bg4 Nc5 24. N2b3 Nd3 25. Rc2 Nc7 26. cxd5 Nxd5 27. Be6+ Kh8 28. Qh5 fxe3 29. Bxd5 exf2+ 30. Kf1 Bxd5 31. Rc7 Qb4 32. Rxg7 Qe1+ 33. Rxe1 fxe1Q# 0-1

[Event "Pedavena op-A 2nd"]
[Site "Pedavena"]
[Date "2006.08.02"]
[Round "2"]
[White "Gaido, Paolo"]
[Black "Marson, Antonio"]
[Result "1/2-1/2"]
[WhiteElo "2121"]
[BlackElo "1837"]
[PlyCount "28"]
[EventDate "2006.08.01"]
[EventType "swiss"]
[EventRounds "7"]
[EventCountry "ITA"]
[SourceTitle "EXT 2023"]
[Source "ChessBase"]
[SourceDate "2022.10.05"]
[SourceVersion "1"]
[SourceVersionDate "2022.10.05"]
[SourceQuality "1"]

1. Nf3 d5 2. d4 c6 3. e3 Nf6 4. c4 e6 5. Nc3 a6 6. Bd3 dxc4 7. Bxc4 b5 8. Bd3 Bb7 9. 0-0 c5 10. dxc5 Bxc5 11. b3 0-0 12. Bb2 Nbd7 13. Qe2 Bxf3 14. gxf3 Ne5 1/2-1/2

[Event "Padova Weekend op-B 8th"]
[Site "Padova"]
[Date "2005.12.10"]
[Round "1.32"]
[White "Scandiuzzi, Roberto"]
[Black "Marson, Antonio"]
[Result "0-1"]
[WhiteElo "1491"]
[BlackElo "1854"]
[PlyCount "32"]
[EventDate "2005.12.10"]
[EventType "swiss"]
[EventRounds "6"]
[EventCountry "ITA"]
[SourceTitle "EXT 2024"]
[Source "ChessBase"]
[SourceDate "2023.10.10"]
[SourceVersion "1"]
[SourceVersionDate "2023.10.10"]
[SourceQuality "1"]

1. d4 d5 2. c4 c6 3. Nf3 Nf6 4. cxd5 cxd5 5. Bg5 e6 6. e3 a6 7. Bd3 Be7 8. Bxf6 Bxf6 9. 0-0 0-0 10. Qc2 g6 11. Nc3 Nc6 12. a3 Bd7 13. b4 b5 14. Rfe1 Rc8 15. e4 Nxd4 16. Nxd4 Bxd4 0-1

[Event "Treviso U2100 op"]
[Site "Treviso"]
[Date "2005.12.04"]
[Round "2.15"]
[White "Rigato, Leonardo"]
[Black "Marson, Antonio"]
[Result "1/2-1/2"]
[WhiteElo "1580"]
[BlackElo "1854"]
[PlyCount "112"]
[EventDate "2005.12.03"]
[EventType "swiss"]
[EventRounds "5"]
[EventCountry "ITA"]
[SourceTitle "EXT 2024"]
[Source "ChessBase"]
[SourceDate "2023.10.10"]
[SourceVersion "1"]
[SourceVersionDate "2023.10.10"]
[SourceQuality "1"]

1. d4 d5 2. c4 Nf6 3. Nf3 c6 4. Nc3 e6 5. Bg5 Be7 6. e3 a6 7. a3 Nbd7 8. cxd5 exd5 9. Bd3 0-0 10. 0-0 Re8 11. Rc1 Nf8 12. h3 Ng6 13. Bxg6 hxg6 14. Ne5 Nd7 15. Bxe7 Rxe7 16. f4 Nb6 17. b3 Qe8 18. Ng4 Bxg4 19. hxg4 Rxe3 20. Re1 Rxe1+ 21. Qxe1 Qd7 22. Qg3 Re8 23. Re1 Re6 24. Rxe6 Qxe6 25. f5 gxf5 26. gxf5 Qf6 27. Qb8+ Kh7 28. Qh2+ Qh6 29. g4 Qxh2+ 30. Kxh2 Kh6 31. Kg3 Kg5 32. Ne2 Nd7 33. Nf4 Kh6 34. Kh4 c5 35. g5+ Kh7 36. dxc5 Nxc5 37. b4 Nb3 38. Nxd5 Nd4 39. Ne7 Nc2 40. g6+ fxg6 41. fxg6+ Kh8 42. Kg4 Nxa3 43. Kf4 Nc2 44. Nd5 Kg8 45. Ke5 Kf8 46. Kd6 Nd4 47. Kc7 b5 48. Kb6 Ke8 49. Kxa6 Kd7 50. Kb6 Kd6 51. Nc7 Ke7 52. Nxb5 Nc2 53. Kc5 Kf6 54. Nd6 Nxb4 55. Kxb4 Kxg6 56. Kc4 Kh6 1/2-1/2

[Event "Treviso U2100 op"]
[Site "Treviso"]
[Date "2005.12.03"]
[Round "1.15"]
[White "Marson, Antonio"]
[Black "Mancin, Michele"]
[Result "1/2-1/2"]
[WhiteElo "1854"]
[BlackElo "1494"]
[PlyCount "61"]
[EventDate "2005.12.03"]
[EventType "swiss"]
[EventRounds "5"]
[EventCountry "ITA"]
[SourceTitle "EXT 2024"]
[Source "ChessBase"]
[SourceDate "2023.10.10"]
[SourceVersion "1"]
[SourceVersionDate "2023.10.10"]
[SourceQuality "1"]

1. d4 d5 2. Bf4 Nf6 3. e3 c6 4. c3 e6 5. Nd2 Bd6 6. Bg3 Qc7 7. Ngf3 Nbd7 8. Be2 0-0 9. 0-0 Bxg3 10. hxg3 e5 11. dxe5 Nxe5 12. Rc1 Nxf3+ 13. Nxf3 Rd8 14. Qc2 c5 15. Rfd1 b6 16. Ne1 Bb7 17. Bf3 Rd7 18. Nd3 Rad8 19. Nf4 Bc6 20. Ne2 Qb7 21. Kh1 h6 22. Qf5 Ne4 23. Bxe4 dxe4 24. Re1 Rd2 25. Rb1 Qa6 26. Ng1 R2d5 27. Qf4 Qc8 28. g4 R8d6 29. Nh3 Qe6 30. Qg3 Bd7 31. Nf4 1/2-1/2

[Event "Venice Salvioli op"]
[Site "Venice Sanudo"]
[Date "2000.02.27"]
[Round "3.6"]
[White "Marson, Antonio"]
[Black "Castellano, Alfonso"]
[Result "0-1"]
[WhiteElo "1399"]
[BlackElo "1827"]
[PlyCount "77"]
[EventDate "2000.02.26"]
[EventType "swiss"]
[EventRounds "6"]
[EventCountry "ITA"]
[SourceTitle "EXT 2023"]
[Source "ChessBase"]
[SourceDate "2022.10.05"]
[SourceVersion "1"]
[SourceVersionDate "2022.10.05"]
[SourceQuality "1"]

1. d4 Nf6 2. Nf3 g6 3. Bf4 Bg7 4. h3 d6 5. e3 Nbd7 6. Nbd2 b6 7. Be2 Bb7 8. 0-0 0-0 9. Rb1 Re8 10. c4 e5 11. dxe5 dxe5 12. Bg5 h6 13. Bxf6 Nxf6 14. Qc2 c5 15. b4 e4 16. Nh2 cxb4 17. Rxb4 Qe7 18. Rbb1 Rac8 19. Qb3 Nd7 20. Rfc1 Red8 21. Nhf1 Be5 22. a4 Nc5 23. Qa2 Bb8 24. Rd1 Nd3 25. Bxd3 exd3 26. a5 Qg5 27. f3 Bc7 28. Rb5 Qe7 29. axb6 Bxb6 30. Re1 Rc5 31. Qb2 Ba6 32. Rxc5 Bxc5 33. Qa1 Bb7 34. Qa5 Bb6 35. Qc3 Bc6 36. Qa1 a5 37. Qb2 Bc5 38. Qa1 a4 39. Qb2 0-1

[Event "Venice Salvioli op"]
[Site "Venice Sanudo"]
[Date "2000.02.26"]
[Round "1.5"]
[White "Marson, Antonio"]
[Black "Morello, Franco"]
[Result "1-0"]
[WhiteElo "1399"]
[BlackElo "1449"]
[PlyCount "71"]
[EventDate "2000.02.26"]
[EventType "swiss"]
[EventRounds "6"]
[EventCountry "ITA"]
[SourceTitle "EXT 2023"]
[Source "ChessBase"]
[SourceDate "2022.10.05"]
[SourceVersion "1"]
[SourceVersionDate "2022.10.05"]
[SourceQuality "1"]

1. d4 Nf6 2. Nf3 d5 3. Bf4 Bf5 4. e3 e6 5. Bd3 Bxd3 6. Qxd3 Nc6 7. a3 Be7 8. Nbd2 Nh5 9. Bg3 Nxg3 10. hxg3 g6 11. Rc1 Bf6 12. b4 a6 13. Rb1 b5 14. Nb3 Qe7 15. Qc3 Qd6 16. Qc5 0-0 17. 0-0 Be7 18. Qc3 Bf6 19. Nc5 e5 20. Nb7 exd4 21. exd4 Nxd4 22. Nxd4 Qb6 23. Nc5 Rfe8 24. Qd3 a5 25. Ndb3 Red8 26. Qf3 Bg7 27. Rbd1 axb4 28. axb4 c6 29. Rfe1 Ra2 30. Re2 Qa7 31. Rde1 Rf8 32. Re7 Qa3 33. Nd7 Kh8 34. Nxf8 Bxf8 35. Qf6+ Kg8 36. Qxf7+ 1-0